000 00303nam a2200121Ia 4500
008 190216s9999||||xx |||||||||||||| ||und||
100 _aUnni Krishnan Nair A G&Amp; Gopimani R
245 0 _aSasya Sasthram
260 _bKerala Bhasha Institute
_c1972
300 _a551p
650 _aBotany
942 _cBK
999 _c37619
_d37619